| 000 | 02247cam a2200325 4500 | ||
|---|---|---|---|
| 001 | ABS68287 | ||
| 008 | 040921n2004 000 0 eng u | ||
| 035 | _a(Sirsi) u127468 | ||
| 245 | _aRICS 2004 member survey: the results | ||
| 260 | _c2004 | ||
| 490 |
_aRICS Business _vSeptember 2004, 26-28(3) |
||
| 520 | _aSummarises the findings of the RICS 2004 member survey responded to by 7 800 members, around 10% of all qualified members. Members from outside the UK participated and accounted for 5% of the responses. Tables and graphs cover the headline results, the top five RICS services, the differences in members' views and an analysis of the respondent base by gender, age, faculty membership and region. The survey shows that overall RICS members still perceive RICS as an effective body for the profession and see their qualification as valuable. There was a feeling that the faculties, national associations and regions need to be reviewed. Many of the findings confirm the conclusions of the Brooke Review, whose implementation will commence later in 2004. View the article and further information at www.rics.org. | ||
| 590 | _aABS | ||
| 590 | _aABS | ||
| 590 | _aABS | ||
| 650 | _aRICS MEMBERSHIP | ||
| 650 | _aRICS FACULTIES AND FORUMS | ||
| 650 | _aRICS NATIONAL ASSOCIATIONS | ||
| 650 | _aRICS ENGLISH AND WELSH REGIONS | ||
| 650 | _aRICS BROOKE REVIEW | ||
| 650 | _aMEMBERS SURVEY | ||
| 690 | _aRICS NEWS | ||
| 856 |
_uhttps://www.rics.org/RICSWEB/getpage.aspx?p=xJWMOEpXC0K5ZdlEF04fFg== _zView the article on the RICS website... |
||
| 856 |
_uhttps://www.rics.org/RICSWEB/getpage.aspx?p=yFh88TJmv0yrBXoarnxyow== _zView the further information on the RICS website... |
||
| 856 |
_uhttps://www.rics.org/RICSWEB/getpage.aspx?p=xJWMOEpXC0K5ZdlEF04fFg== _zView the article on the RICS website... |
||
| 856 |
_uhttps://www.rics.org/RICSWEB/getpage.aspx?p=yFh88TJmv0yrBXoarnxyow== _zView the further information on the RICS website... |
||
| 856 |
_uhttps://www.rics.org/RICSWEB/getpage.aspx?p=xJWMOEpXC0K5ZdlEF04fFg== _zView the article on the RICS website... |
||
| 856 |
_uhttps://www.rics.org/RICSWEB/getpage.aspx?p=yFh88TJmv0yrBXoarnxyow== _zView the further information on the RICS website... |
||
| 942 | _n0 | ||
| 999 |
_c118025 _d118025 |
||